Cenová politika: míra regulace.
Rozhovor s riaditeľom odboru regulácie cien na Ministerstve financií ČR. Vývoj štátnej cenovej politiky v r. 1990-1993. Rozsah štátom regulovaných cien. Vplyv monopolov alebo kartelových dohôd na stanovenie cien výrobkov. Hranica medzi tovarom s regulovanými a voľnými cenami. Zdôvodnenie práva štátu...
Salvato in:
| Autore principale: | |
|---|---|
| Natura: | Capitolo di libro |
| Lingua: | ceco |
| Soggetti: | |
| Tags: |
Nessun Tag, puoi essere il primo ad aggiungerne!!
|
MARC
| LEADER | 00000naa a2200000 4500 | ||
|---|---|---|---|
| 001 | r012348 | ||
| 005 | 20220826093330.3 | ||
| 041 | 0 | |a cze | |
| 044 | |a CZ | ||
| 245 | 1 | 0 | |a Cenová politika: míra regulace. |c I. Šatavová |
| 520 | |a Rozhovor s riaditeľom odboru regulácie cien na Ministerstve financií ČR. Vývoj štátnej cenovej politiky v r. 1990-1993. Rozsah štátom regulovaných cien. Vplyv monopolov alebo kartelových dohôd na stanovenie cien výrobkov. Hranica medzi tovarom s regulovanými a voľnými cenami. Zdôvodnenie práva štátu zasahovať do cenového vývoja. | ||
| 610 | 2 | 0 | |a politika cenová |
| 610 | 2 | 0 | |a regulácia cenová |
| 610 | 2 | 0 | |a Čechy |
| 610 | 2 | 0 | |a 1990-1993 |
| 610 | 2 | 0 | |a tvorba cien |
| 610 | 2 | 0 | |a ceny |
| 100 | 1 | |a Šatavová, I. | |